Perspectivas del desarrollo industrial latinoamericano: una compleja transformación
Պահպանված է:
| Հիմնական հեղինակ: | |
|---|---|
| Ձևաչափ: | Տեքստ |
| Հրապարակվել է: |
s.l:
Instituto para la Integración de América Latina
|
| Ցուցիչներ: |
Ավելացրեք ցուցիչ
Չկան պիտակներ, Եղեք առաջինը, ով նշում է այս գրառումը!
|
MARC
| LEADER | 00000 a a2200000 04500 | ||
|---|---|---|---|
| 001 | 25130 | ||
| 003 | |||
| 040 | |a CRAI/IIS |c CRAI/IIS | ||
| 090 | |a 182000 | ||
| 100 | |a Villanueva, Javier | ||
| 245 | |a Perspectivas del desarrollo industrial latinoamericano: una compleja transformación | ||
| 260 | |a s.l: |b Instituto para la Integración de América Latina | ||
| 300 | |a 204 p |b **no definido** | ||
| 999 | |c 15133 |d 15133 | ||
